Conversación con el último norteamericano /
Novela no ficcional que relata el testimonio de Willy Stokes, conocido como el último norteamericano en Cuba. La familia de Stokes llegó a la isla a principios del siglo XX, luego de la Guerra Hispano-Norteamericana de 1898, con el grupo de estadounidenses que se asentó en territorio cubano con la i...
Gardado en:
| Autor Principal: | |
|---|---|
| Formato: | Libro |
| Idioma: | Lingua castelá |
| Publicado: |
México :
Siglo XXI,
1976, c1976
|
| Series: | (La Creación Literaria)
|
| Temas: | |
| Etiquetas: |
Sen Etiquetas, Sexa o primeiro en etiquetar este rexistro!
|
MARC
| LEADER | 00000nam^a2200000^a^4500 | ||
|---|---|---|---|
| 001 | 000620054 | ||
| 005 | 20250902000000.0 | ||
| 009 | 20260310133832.458 | ||
| 037 | |a Acervo ITESO - Biblioteca | ||
| 041 | |a ESP | ||
| 082 | |a 863. |b CIR | ||
| 100 | |a Cirules, Enrique |e (autor) | ||
| 245 | 1 | 0 | |a Conversación con el último norteamericano / |c E. Cirules. |
| 264 | 4 | |a México : |b Siglo XXI, |c 1976, c1976 | |
| 300 | |a 272 p. | ||
| 336 | |a texto |b txt |2 rdacontenido | ||
| 337 | |a sin mediación |b n |2 rdamedio | ||
| 338 | |a volumen |b nc |2 rdasoporte | ||
| 440 | 4 | |a (La Creación Literaria) | |
| 520 | |a Novela no ficcional que relata el testimonio de Willy Stokes, conocido como el último norteamericano en Cuba. La familia de Stokes llegó a la isla a principios del siglo XX, luego de la Guerra Hispano-Norteamericana de 1898, con el grupo de estadounidenses que se asentó en territorio cubano con la intención de colonizar. De este grupo es que se fundan los asentamientos La Gloria City y Palma City, en Camagüey. | ||
| 649 | |a XX | ||
| 650 | |a Testimonio Histórico - |x Cuba | ||
| 650 | |a Memorias Cubanas | ||
| 650 | |a Memorias Norteamericanas | ||
| 650 | |a Novela Histórica - |z Cuba | ||
| 650 | |a Novela Cubana | ||
| 650 | |a Literatura Cubana - |y Siglo XX | ||
| 650 | |a Anexionismo en la Literatura | ||
| 650 | |a Anexionismo - |z EUA - |x Historia | ||
| 650 | |a Camagüey (Provincia), Cuba - |x Historia - |y Siglo XX | ||
| 650 | |a Cuba - |x Historia - |y Guerra Hispano-Norteamericana, 1898 | ||
| 650 | |a Cuba - |x Historia - |y Siglo XX | ||
| 650 | |a Stokes, William | ||
| 910 | |a Fondo Castillo-Martínez | ||
| 920 | |a Impresos - Libros | ||
| 930 | |a Fondos Especiales | ||
| 940 | |a Literatura | ||
| 905 | |a 127 | ||
| 901 | |a 620434-10 |b IT2 |c ESP |i D129063 |u 20250902 | ||
| 902 | |a https://opac.biblio.iteso.mx/vufind/Record/000620054 | ||